ՀՀ Գիտությունների ազգային ակադեմիայի հիմնարար գիտական գրադարան  =   Fundamental Scientific Library of NAS RA

Մեսրոպ եւ Սահակ : (Record no. 134936)

MARC details
000 -LEADER
fixed length control field 01177nam a2200205 a 4500
001 - CONTROL NUMBER
control field 000352441
003 - CONTROL NUMBER IDENTIFIER
control field AM-YeHGA
005 - DATE AND TIME OF LATEST TRANSACTION
control field 20250618072211.0
008 - FIXED-LENGTH DATA ELEMENTS--GENERAL INFORMATION
fixed length control field 040719s1913 ai 000 | arm d
040 ## - CATALOGING SOURCE
Original cataloging agency AM-YeHGA
041 1# - LANGUAGE CODE
Language code of text/sound track or separate title arm
090 ## - LOCALLY ASSIGNED LC-TYPE CALL NUMBER (OCLC); LOCAL CALL NUMBER (RLIN)
-- 136304
245 00 - TITLE STATEMENT
Title Մեսրոպ եւ Սահակ :
Remainder of title Հայ նշանագիրներու պատմութիւն : Կորիւն Ղազար Փարպեցի եւ Մովսէս Խորենացի /
Statement of responsibility, etc. Աշխարհաբար թարգմ. և լուսաբ.՝ Կիւրճեան (Հրանդ).
260 ## - PUBLICATION, DISTRIBUTION, ETC.
Place of publication, distribution, etc. Կ. Պոլիս :
Name of publisher, distributor, etc. տպ. Յովակիմեան,
Date of publication, distribution, etc. 1913.
300 ## - PHYSICAL DESCRIPTION
Extent 44 էջ ;
Dimensions 17 սմ.
501 ## - WITH NOTE
With note Ալիգ. 1 : Կազմակից են` Լ. Էսաճանեան` Օշականի Գեղօն.- Կ. Պոլիս, 1913 ; Բ.Պ. Իսպէչէրեան` Հառաչանք.- Ղալաթիա, 1912 ; Լորիս` Կեանքի բովում.- Կ. Պոլիս, 1912 ; Գ. Զօհրապ` Հայ պատգամաւորի մը հաշուետուութիւնը.- Կ. Պոլիս, 1910
600 04 - SUBJECT ADDED ENTRY--PERSONAL NAME
Personal name Մեսրոպ Մաշտոց,
Dates associated with a name 362-440
9 (RLIN) 4901
600 04 - SUBJECT ADDED ENTRY--PERSONAL NAME
Personal name Սահակ Պարթև
9 (RLIN) 4900
700 1# - ADDED ENTRY--PERSONAL NAME
Personal name Կյուրճյան, Մելքոն,
Dates associated with a name 1859-1915
Relator term թարգմ.
Relationship trl
9 (RLIN) 738
Holdings
Withdrawn status Lost status Source of classification or shelving scheme Damaged status Not for loan Collection Home library Current library Date acquired Total checkouts Full call number Barcode Date last seen Price effective from Koha item type Public note
    Universal Decimal Classification     Pogharian Individual Collection Fundamental Scientific Library Fundamental Scientific Library 22/12/2016   Պող/1114 FL0329253 22/12/2016 22/12/2016 Գրքեր / Books ILL Non-Circ.
    Universal Decimal Classification     Alpoiajian Individual Collection Fundamental Scientific Library Fundamental Scientific Library 15/04/2019   Ալպ/1124 FL0568976 15/04/2019 15/04/2019 Գրքեր / Books ILL Non-Circ


ՀՀ ԳԱԱ հիմնարար գիտական գրադարան
ՀՀ,Երևան 0019
Մարշալ Բաղրամյան 24/6
հեռախոս:(374-10) 52-47-50
Հետադարձ կապ

All site content, except where otherwise noted, is licensed under a
Creative Commons License